Operación masacre / (Registro nro. 7569)
[ vista simple ]
| 000 -CABECERA | |
|---|---|
| campo de control de longitud fija | 00591nam a2200193 a 4500 |
| 001 - NÚMERO DE CONTROL | |
| campo de control | 000007791 |
| 005 - FECHA Y HORA DE LA ÚLTIMA TRANSACCIÓN | |
| campo de control | 20200929154312.0 |
| 008 - DATOS DE LONGITUD FIJA--INFORMACIÓN GENERAL | |
| campo de control de longitud fija | 750110s1975 cu 001 0 spa |
| 040 ## - FUENTE DE LA CATALOGACIÓN | |
| Centro catalogador/agencia de origen | DO-SdBNP |
| Lengua de catalogación | spa |
| Centro/agencia transcriptor | BNPHU |
| 082 ## - NÚMERO DE LA CLASIFICACIÓN DECIMAL DEWEY | |
| Número de clasificación | 982 |
| Número de documento/Ítem | W223ó, 1975 |
| 100 1# - ENTRADA PRINCIPAL--NOMBRE DE PERSONA | |
| Nombre de persona | Walsh, Rodolfo J. |
| 9 (RLIN) | 21496 |
| 245 10 - MENCIÓN DE TÍTULO | |
| Título | Operación masacre / |
| Mención de responsabilidad, etc. | Rodolfo Walsh. |
| 250 ## - MENCIÓN DE EDICIÓN | |
| Mención de edición | 2a ed. |
| 260 ## - PUBLICACIÓN, DISTRIBUCIÓN, ETC. | |
| Lugar de publicación, distribución, etc. | La Habana : |
| Nombre del editor, distribuidor, etc. | Casa de las Américas, |
| Fecha de publicación, distribución, etc. | 1975. |
| 300 ## - DESCRIPCIÓN FÍSICA | |
| Extensión | 195 p. ; |
| Dimensiones | 18 cm. |
| 490 1# - MENCIÓN DE SERIE | |
| Mención de serie | La Honda |
| 651 #4 - PUNTO DE ACCESO ADICIONAL DE MATERIA--NOMBRE GEOGRÁFICO | |
| Nombre geográfico | Argentina |
| Subdivisión general | Historia |
| Subdivisión cronológica | REVOLUCIÓN 1955. |
| 9 (RLIN) | 21497 |
| 651 #4 - PUNTO DE ACCESO ADICIONAL DE MATERIA--NOMBRE GEOGRÁFICO | |
| Nombre geográfico | Argentina |
| Subdivisión general | Política Y Gobierno |
| Subdivisión cronológica | 1943-1955. |
| 9 (RLIN) | 21498 |
| Estado de retiro | Estado de pérdida | Restricciones de uso | No para préstamo | Código de colección | Localización permanente | Ubicación/localización actual | Ubicación en estantería | Fecha de adquisición | Número de inventario | Total de préstamos | Signatura topográfica completa | Código de barras | Fecha visto por última vez | Precio válido a partir de | Tipo de ítem Koha | Número de copia |
|---|---|---|---|---|---|---|---|---|---|---|---|---|---|---|---|---|
| Excluido de préstamo | Monografías: Libros y Folletos | General | General | Depósito | 10.09.2009 | LF1 | 982 W223ó, 1975 | 7791-10 | 25.06.2020 | 25.06.2020 | No se presta | |||||
| Extraviado | Excluido de préstamo | Monografías: Libros y Folletos | General | General | Extraviado | 03.04.2017 | LF1 | 982 W223ó, 1975 | 7791-20 | 25.06.2020 | 25.06.2020 | No se presta | e. 2 |
